Las plantas carnívoras /

Guardado en:
Autor Principal: De Santis, Pablo
Formato: Libro
Publicado: Buenos Aires : Alfaguara, 1995
Materias:
Etiquetas: Agregar Etiqueta
Sin Etiquetas, Sea el primero en etiquetar este registro!
LEADER 00776nam a22002415a 4500
001 CEM.cems009992
005 20101213122007.0
008 130507s1995##################000#0#####d
003 CEMS
020 |a 9505111657 
082 0 4 |a A863.4 
100 1 |a De Santis, Pablo 
245 1 0 |a Las plantas carnívoras /  |c Pablo de Santis 
260 |a Buenos Aires :  |b Alfaguara,  |c 1995 
300 |a 145 p. 
653 |a Literatura 
653 |a Literatura argentina-siglo 20 
653 |a Literatura juvenil 
653 |a Novelas 
653 |a Novelas argentinas-siglo 20 
859 |a CEMS  |b BIB. CEMS - 11 de abril  |h A863.4  |i D451-4  |p 20365.99  |t Ej.1 
859 |a CEMS  |b BIB. CEMS - 11 de abril  |h A863.4  |i D451-4  |p 22525.04  |t Ej.2 
859 |a CEMS  |b BIB. CEMS - 11 de abril  |h A863.4  |i D451-4  |p 23665.06  |t Ej.3